Select the European Flags - Statistics

General Stats
  • This quiz has been taken 2,621 times
  • The average score is 97 of 125
Answer Stats
Question Tile Select % Correct
of EU member states Yes
94%
of EU member states Yes
94%
of EU member states Yes
94%
of EU member states Yes
94%
of EU member states Yes
91%
of EU member states Yes
88%
of EU member states Yes
88%
of EU member states No
86%
of landlocked countries No
85%
of landlocked countries No
85%
of landlocked countries No
85%
of island nations No
85%
of island nations No
85%
of island nations No
85%
of island nations No
85%
of island nations No
85%
of island nations No
85%
of island nations No
85%
of island nations No
85%
of island nations No
85%
of island nations No
85%
of island nations No
85%
of island nations No
85%
of island nations No
85%
of island nations No
85%
of EU member states Yes
84%
of landlocked countries No
84%
of landlocked countries No
84%
of landlocked countries No
84%
of landlocked countries No
84%
of landlocked countries No
84%
of landlocked countries No
84%
of island nations No
84%
of island nations No
84%
of island nations No
84%
of island nations No
84%
of EU member states Yes
83%
of EU member states Yes
83%
of landlocked countries No
83%
of island nations No
83%
of EU member states No
82%
of EU member states Yes
82%
of landlocked countries No
82%
of landlocked countries No
82%
of island nations No
82%
of countries with official Romance languages No
82%
of countries with official Romance languages No
82%
of countries with official Romance languages No
82%
of countries bordering the Mediterranean sea No
82%
of countries bordering the Mediterranean sea No
82%
of countries bordering the Mediterranean sea No
82%
of countries bordering the Mediterranean sea No
82%
of EU member states Yes
81%
of countries with official Romance languages No
81%
of countries with official Romance languages No
81%
of countries with official Romance languages No
81%
of countries with official Romance languages No
81%
of countries bordering the Mediterranean sea No
81%
of countries bordering the Mediterranean sea No
81%
of countries bordering the Mediterranean sea No
81%
of countries bordering the Mediterranean sea No
81%
of countries bordering the Mediterranean sea No
81%
of countries bordering the Mediterranean sea No
81%
of countries bordering the Mediterranean sea No
81%
of countries bordering the Mediterranean sea No
81%
of EU member states Yes
80%
of EU member states No
80%
of landlocked countries No
80%
of landlocked countries No
80%
of landlocked countries No
80%
of landlocked countries No
80%
of island nations No
80%
of countries with official Romance languages No
80%
of countries with official Romance languages No
80%
of countries with official Romance languages No
80%
of countries bordering the Mediterranean sea No
80%
of countries bordering the Mediterranean sea No
80%
of EU member states No
79%
of EU member states Yes
78%
of countries with official Romance languages No
78%
of countries bordering the Mediterranean sea No
78%
of countries bordering the Mediterranean sea No
78%
of EU member states Yes
77%
of countries with official Romance languages No
77%
of countries with official Romance languages No
77%
of countries bordering the Mediterranean sea No
77%
of landlocked countries Yes
76%
of island nations Yes
75%
of countries with official Romance languages No
75%
of countries with official Romance languages No
75%
of EU member states No
73%
of landlocked countries Yes
73%
of countries bordering the Mediterranean sea Yes
73%
of island nations Yes
72%
of countries bordering the Mediterranean sea Yes
72%
of EU member states No
71%
of EU member states Yes
71%
of landlocked countries No
71%
of EU member states Yes
70%
of countries with official Romance languages Yes
70%
of countries with official Romance languages Yes
70%
of countries bordering the Mediterranean sea Yes
70%
of landlocked countries Yes
69%
of landlocked countries Yes
69%
of countries with official Romance languages Yes
69%
of landlocked countries Yes
68%
of landlocked countries Yes
68%
of landlocked countries Yes
67%
of landlocked countries Yes
66%
of countries with official Romance languages No
66%
of countries bordering the Mediterranean sea Yes
65%
of island nations Yes
64%
of countries bordering the Mediterranean sea Yes
64%
of countries bordering the Mediterranean sea No
63%
of island nations Yes
62%
of countries bordering the Mediterranean sea Yes
61%
of countries bordering the Mediterranean sea Yes
60%
of countries with official Romance languages Yes
59%
of EU member states Yes
58%
of EU member states No
55%
of countries with official Romance languages Yes
52%
of countries with official Romance languages Yes
48%
of countries with official Romance languages Yes
47%
of countries with official Romance languages Yes
42%
of countries with official Romance languages Yes
25%
No matching quizzes found
Score Distribution
Percent of People with Each Score
Percentile by Number Answered
Your Score History
You have not taken this quiz